Detalles MARC
| 000 -LÍDER |
| Campo fijo de descripción fija |
02085nam a22004094i 4500 |
| 001 - NÚMERO DE CONTROL |
| Campo de control |
8947326 |
| 003 - IDENTIFICADOR DEL NÚMERO DE CONTROL |
| Campo de control |
OCoLC |
| 005 - FECHA Y HORA DE LA ULTIMA TRANSACCIÓN |
| control field |
20180825105023.0 |
| 008 - ELEMENTOS DE LONGITUD FIJA -- INFORMACIÓN GENERAL |
| Campo fijo de descripción fija -- Información general |
821111s1982 txu b 000 0 eng d |
| 020 ## - NÚMERO INTERNACIONAL NORMALIZADO PARA LIBROS |
| Número Internacional Normalizado del libro |
0849901650 |
| 020 ## - NÚMERO INTERNACIONAL NORMALIZADO PARA LIBROS |
| Número Internacional Normalizado del libro |
9780849901652 |
| 040 ## - FUENTE DE CATALOGACIÓN |
| Agencia de catalogación original |
STU |
| Idioma de catalogación |
eng |
| Agencia que realiza la modificación |
OCL |
| -- |
OCLCQ |
| -- |
HNW |
| -- |
OCLCF |
| -- |
CFT |
| -- |
OCLCA |
| -- |
MXL |
| Agencia que realiza la transcripción |
CO-MdFUSB |
| Convenciones de la descripción |
rda |
| 041 ## - CÓDIGO DE IDIOMA |
| Código de idioma para texto/pista de sonido o título separado |
eng |
| 082 ## - NÚMERO DE CLASIFICACIÓN DECIMAL DEWEY |
| Número de la edición del Dewey |
23 |
| Número de clasificación |
227.9407 |
| Clave de autor-Numero de item |
P173 |
| 100 1# - ASIENTO PRINCIPAL--NOMBRE PERSONAL |
| Nombre personal |
Palmer, Earl F. |
| Término relacionador |
autor |
| 245 14 - TÍTULO |
| Título del Material |
The communicator's commentary |
| Nombre de Parte, Sección o trabajo |
: 1, 2, 3 John, Revelation |
| Mención de responsabilidad, etc. |
/ Earl F. Palmer. |
| 264 ## - PRODUCCIÓN, PUBLICACIÓN, DISTRIBUCIÓN, MANUFACTURA, Y COPYRIGHT |
| Lugar de producción, publicación, distribución, manufactura |
Waco, Texas Usa : |
| Nombre del productor, publicador, distribuidor |
Word Books, |
| Fecha de producción, publicación, distribución, manufactura, o copyright |
℗[1982] |
| 264 ## - PRODUCCIÓN, PUBLICACIÓN, DISTRIBUCIÓN, MANUFACTURA, Y COPYRIGHT |
| Fecha de producción, publicación, distribución, manufactura, o copyright |
©1982 |
| 300 ## - DESCRIPCIÓN FÍSICA |
| Extensión |
259 páginas ; |
| Dimensiones |
24 cm. |
| 336 ## - TIPO DE CONTENIDO |
| Código de tipo de contenido |
txt |
| Fuente |
rdacontent. |
| Término de tipo de contenido |
texto |
| 337 ## - TIPO DE MEDIO |
| Código del tipo de medio |
n |
| Fuente |
rdamedia. |
| Nombre del tipo de medio |
sin mediación |
| 338 ## - TIPO DE SOPORTE |
| Código Tipo de soporte |
nc |
| Fuente |
rdacarrier. |
| Nombre del tipo de soporte |
volumen |
| 490 1# - MENCIÓN DE SERIE |
| Mención de serie |
The communicator's commentary series |
| 505 0# - NOTA DE CONTENIDO |
| Información miscelánea |
I. |
| Título |
Introducción a 1, 2, 3 Juan: |
| Nota de contenido con formato preestablecido |
Un bosquejo de 1, 2, 3 Juan -- La forma de vida (1 Juan 1: 1-10) -- La nueva relación (1 Juan 2: 1-29) -- Verdad y amor (1 Juan 3: 1-4: 21) -- Discipulado (1 Juan 5: 1-21) -- Cristianos en el mundo (2 Juan 1-13) -- La familia de Dios (3 Juan 1-14) |
| 505 0# - NOTA DE CONTENIDO |
| Información miscelánea |
II. |
| Título |
Introducción a la Revelación: |
| Nota de contenido con formato preestablecido |
El Libro de Apocalipsis: Una visión general -- Un bosquejo de Apocalipsis -- La visión (1: 1-20) -- Siete cartas a siete iglesias (2: 1-3: 22) -- La primera coral (4: 1-11) -- La segunda coraza (5: 1-14) -- La gran sinfonía -- Movimiento I: La gran frontera -- Los cuatro caballos del peligro y el Sábado de Dios (6: 1-11) : 19) - Movimiento II: La batalla cósmica (12: 1-16: 21) -- Movimiento III: El triunfo de Dios (17: 1-20: 15) -- Movimiento IV: Un cielo nuevo y una Tierra nueva (21: 1-22: 5) -- Epílogo (22: 6-21). |
| 563 ## - NOTA DE ENCUADERNACIÓN |
| Nota de encuadernación |
Tapa rústica |
| 630 07 - TITULO UNIFORME |
| Título uniforme |
Biblia. |
| Subdivisión de forma |
Juan |
| 630 07 - TITULO UNIFORME |
| Título uniforme |
Biblia. |
| Nombre de parte o sección de la obra |
Juan, 1ª |
| 630 07 - TITULO UNIFORME |
| Título uniforme |
Biblia. |
| Nombre de parte o sección de la obra |
Juan, 2ª |
| 630 07 - TITULO UNIFORME |
| Título uniforme |
Biblia. |
| Nombre de parte o sección de la obra |
Juan, 3ª |
| 630 07 - TITULO UNIFORME |
| Título uniforme |
Biblia. |
| Nombre de parte o sección de la obra |
Apocalipsis |
| 700 ## - ASIENTO SECUNDARIO - NOMBRE PERSONAL |
| Nombre personal |
Ogilivie, Lloyd J. |
| Responsabilidad |
editor general |
| 830 ## - PUNTO DE ACCESO ADICIONAL DE SERIE - TÍTULO UNIFORME |
| Título uniforme |
The communicator's commentary series |
| Designación de volumen o secuencia |
No.12 |
| 942 ## - TIPO DE MATERIAL (KOHA) |
| Tipo de Item KOHA |
Libros General |